000 00795nmc a2200289 a 4500
003 AR-BaBNM
005 20251128203612.0
008 146119s1960 ||||||||||||||000 | spa||
040 _cAR-BaBNM
100 1 _aBécquer, Gustavo Adolfo
245 1 0 _aLeyendas
250 _a3ª ed.
260 _aBuenos Aires
_bKapelusz
_c1960
300 1 _axiv, 112 p.
490 0 _aGrandes obras de la literatura universal
500 0 _aContiene juicios críticos sobre las leyendas en p. 110-111
521 _aSECUNDARIO
650 4 _aLITERATURA POPULAR
650 4 _aLEYENDAS
650 4 _aCOSTUMBRES Y TRADICIONES
650 4 _aROMANTICISMO
650 4 _aLITERATURA ESPANOLA
655 _aLITERATURA
700 1 _aEstrella Gutiérrez, Fermín
_ecompilador
942 _cBK
998 _cisola
999 _c4095
_d4095